Quiz- 100 People in South America - Statistics

General Stats
  • This quiz has been taken 25 times
  • The average score is 10 of 10
Answer Stats
Hint Answer % Correct
10 Argentina
100%
49 Brazil
100%
4 Chile
100%
12 Colombia
100%
8 Peru
100%
7 Venezuela
95%
3 Bolivia
91%
4 Ecuador
91%
2 Paraguay
91%
1 Uruguay
91%
No matching quizzes found
Score Distribution
Percent of People with Each Score
Percentile by Number Answered
Your Score History
You have not taken this quiz